000 00493nam a2200181Ia 4500
003 GCL
008 140319s9999 xx 000 0 ara d
040 _aGCL /
_cGCL
082 0 4 _a923.2
_bع ن
100 1 _aعباس حافظ
245 1 0 _aنهضة مصر /
_cعباس حافظ
300 _a164
490 _aكتاب
_v0
650 0 4 _aالتراجم
650 0 4 _aعبدالخالق ثروت
650 0 4 _aمصر - تاريخ - العصر الحديث (1805 - 1956 )
942 _2ddc
_cBK
999 _c43272
_d43272